| 000 | nam a22 a 4500 | ||
|---|---|---|---|
| 999 |
_c4384 _d4384 |
||
| 003 | AKMAL | ||
| 005 | 20170529150059.0 | ||
| 008 | 170529s2003 my l 00 may d | ||
| 020 |
_a9678914158 (kkt.): _cRM17.50 |
||
| 040 | _cAKMAL | ||
| 049 | 0 | 0 | _amal |
| 082 | 0 | 4 |
_a342.595102 PER _221 |
| 090 | 0 | 0 |
_a342.595102 _bPER |
| 110 | 1 |
_aMalaysia _9400 |
|
| 245 | 1 | 0 |
_aPerlembagaan persekutuan : _b(hingga 15hb Ogos 2003) / _cdisusun oleh Lembaga Penyelidikan Undang-Undang |
| 260 |
_aPetaling Jaya : _bInternational Law Book Services, _c2003 |
||
| 300 | 0 | 0 |
_axii, 170ms. ; _c24cm |
| 440 | 0 |
_aUNDANG-UNDANG MALAYSIA _98546 |
|
| 650 | 0 |
_aConstitutional law _zMalaysia _9437 |
|
| 651 | 0 |
_aMalaysia _xPolitics and government _944 |
|
| 710 | 2 |
_aLembaga Penyelidikan Undang-Undang _98547 |
|
| 942 |
_2ddc _cBOOK |
||